La violencia política en Apurimac : (Record no. 3257)

000 -CABECERA
fixed length control field 00758nam a22002057a 4500
003 - IDENTIFICADOR DEL NÚMERO DE CONTROL
control field AR-CdUCM
008 - DATOS DE LONGITUD FIJA--INFORMACIÓN GENERAL
fixed length control field 190306b ||||| |||| 00| 0 spa d
040 ## - FUENTE DE LA CATALOGACIÓN
Agencia/entidad que catalogó originalmente la obra MUNICIPALIDAD PROVINCIAL DEL CUSCO
Entidad que transcribió la catalogación BIBLIOTECA MUNICIPAL DEL CUSCO
082 ## - NÚMERO DE LA CLASIFICACIÓN DECIMAL DEWEY
No. de Clasificación 322.42 /
Notacion interna C74
100 ## - ENTRADA PRINCIPAL--NOMBRE DE PERSONA
Nombre Personal Contreras Ivarcena, Eduardo
245 ## - MENCIÓN DE TÍTULO
Título La violencia política en Apurimac :
Resto del título Su impacto social y económico /
260 ## - PUBLICACIÓN, DISTRIBUCIÓN, ETC.
Lugar de publicación, distribución, etc. Cusco :
Nombre de la editorial, distribuidor, etc. CBC,
Fecha de publicación, distribución, etc. 1991.
300 ## - DESCRIPCIÓN FÍSICA
Nº de Páginas Extensión 99 páginas ;
Dimensiones 24 cm.
440 ## - MENCIÓN DE SERIE/PUNTO DE ACCESO ADICIONAL--TÍTULO
Título Trabajos del colegio andino
Número de la parte/sección de una obra 4
9 (RLIN) 10873
505 ## - NOTA DE CONTENIDO CON FORMATO
Nota de contenido formateada Contexto general del estudio: apurimac -- La violencia en apurimac -- Analisis de resultados...
650 ## - PUNTO DE ACCESO ADICIONAL DE MATERIA--TÉRMINO DE MATERIA
Descriptor Violencia en Apurimac.
9 (RLIN) 10874
650 ## - PUNTO DE ACCESO ADICIONAL DE MATERIA--TÉRMINO DE MATERIA
Descriptor Apurimac.
9 (RLIN) 1025
942 ## - ELEMENTOS DE PUNTO DE ACCESO ADICIONAL (KOHA)
Fuente de clasificación
Tipo de item Libros-BMC
945 ## - PROCESAMIENTO DE INFORMACIÓN LOCAL (OCLC)
Catalogador wfj
AAAA-MM-DD - Fecha de ingreso o modificacion 2019-03-06
Holdings
Estado de retiro (separado) Fuente de clasificación o esquema de estanterías Estado dañado Ubicación Sala donde se ubica Nombre de la colección Fecha de adquisición o compra Costo, precio normal en soles Signatura topográfica Código de Barras Última vez visto (Koha) Tipo de ítem (Koha)
No     Sala Humanidades Sala Humanidades Book Cart 2019-03-06 30.00 322.42 / C74 SH0000003883 2019-03-06 Libros-BMC
No     Sala Humanidades Sala Humanidades Book Cart 2019-03-06 30.00 322.42 / C74 /e.2 SH0000011127 2019-04-30 Libros-BMC

Powered by Koha